| 000 | 00441nam a2200181Ia 4500 | ||
|---|---|---|---|
| 001 | 7916 | ||
| 005 | 20260306160530.0 | ||
| 008 | 260306t2013||||xx |||||||||||||| ||spa|| | ||
| 041 | _aESP | ||
| 082 |
_a363.7392 _bA66 |
||
| 100 |
_aAragón Revuelta, Pilar _eAUT |
||
| 245 | 0 | _aProblemas de contaminación atmosférica | |
| 260 | _c2013 | ||
| 300 |
_a295 páginas : _c24 cm. |
||
| 650 | _aGEN | ||
| 654 | _aCIA | ||
| 942 |
_cLIB _dJUS _fJUS _2ddc _n |
||
| 999 |
_c7916 _d7916 |
||